Biggest sources of immigrants to Arizona - Statistics

General Stats
  • This quiz has been taken 27 times
  • The average score is 9 of 10
Answer Stats
Hint Answer % Correct
502,430 Mexico
100%
35,804 Canada
91%
13,035 Germany
91%
44,226 India
91%
15,142 United Kingdom
91%
21,326 China
87%
23,487 Vietnam
87%
12,705 Korea
83%
33,329 Philippines
83%
11,495 Cuba
78%
No matching quizzes found
Score Distribution
Percent of People with Each Score
Percentile by Number Answered
Your Score History
You have not taken this quiz